000 00665nam a2200253Ia 4500
001 dia_3571
003 CHAP
005 20251021145231.0
008 220601s9999 xx 000 0 und d
020 _a13:978-968-18-6162-9
040 _cCHAP
082 _a642.6 F56
100 _aFlores Graciela M. de
245 _aIniciacion a las técnicas culinarias/Graciela M. de Flores
250 _a2
260 _aMéxico: LIMUSA
300 _a364 p.
500 _aC/e
650 _a1. Gastronomía2. CocinaÌ
_9175825
901 _a642.6 F56
902 _aM
905 _a000000 2007 mx A 0000000000spa00
942 _cLIBRO
_2ddc
999 _c209328
_d209328